| 000 | 00000nam 2200000za 4500 |
| 001 | 9.631723 |
| 003 | CaOODSP |
| 005 | 20210624214450 |
| 007 | cr ||||||||||| |
| 008 | 150407s2003 onc|||||o f|0| 0 fre d |
| 040 | |aCaOODSP|bfre |
| 043 | |an-cn--- |
| 086 | 1 |aM92-192/2003F-PDF |
| 110 | 1 |aCanada.|bRessources naturelles Canada. |bOffice de l'efficacité énergétique. |
| 245 | 13|aLa réduction des fuites d'air |h[ressource électronique]. |
| 260 | |aOttawa : |bRessources naturelles Canada, |c2003. |
| 300 | |a12 p. : |bill. |
| 500 | |a"ÉnerGuide pour les maisons." Le n° de catalogue (M92-192/2003F) et ISBN (0-662-87953-8) assignés à d'autres éditions sont imprimés dans la version en PDF de la présente édition. |
| 520 | 3 |aLa présente fiche technique vise à vous informer sommairement sur les façons de réduire les fuites d'air. |
| 590 | |a04-51|b2004-12-17 |
| 691 | 07|aRendement énergétique|2gcpds |
| 775 | 08|tAir-leakage control |w(CaOODSP)9.687268 |
| 776 | 0#|tLa réduction des fuites d'air |w(CaOODSP)9.682707 |
| 794 | |tLa réduction des fuites d'air |w(CaOODSP)9.631825 |
| 856 | 40|ahttp://publications.gc.ca|qPDF|s299 Ko|uhttps://publications.gc.ca/collections/Collection/M92-192-2003F.pdf |